[Event "Challenge"]
[Site "http://www.queenalice.com/game.php?id=1315854"]
[Date "2014.10.17"]
[Round "-"]
[White "pcescritor"]
[Black "ermes72"]
[Result "0-1"]
[WhiteElo "1786"]
[BlackElo "1765"]

1. e4 e5 2. Nf3 f6 3. d4 d6 4. Nc3 c6 5. Bc4 Nh6 6. Nh4 Bg4 7. f3 Bd7 8. Bxh6
gxh6 9. d5 f5 10. g3 Qb6 11. Na4 Qe3+ 12. Be2 fxe4 13. Ng2 Qd4 14. dxc6 Bxc6 15.
Nc3 exf3 16. Bxf3 Qxd1+ 17. Nxd1 Bxf3 18. Rg1 Bxg2 19. Rxg2 Na6 20. Nc3 Be7 21.
Nd5 Rc8 22. Rf2 Rc5 23. O-O-O Bg5+ 24. Kb1 Rf8 25. Rg2 e4 26. Re2 Rc4 27. Nc3
Nc7 28. Nxe4 Rc6 29. Nxg5+ Kd7 30. Nxh7 Rf7 31. h4 Rxh7 32. g4 Rb6 33. Rf2 Nb5
34. Rd3 Re7 35. Rf1 Re2 36. Rg3 Nd4 37. c3 Rbxb2+ 38. Kc1 Rxa2 39. Rf7+ Ke8 40.
Kb1 Reb2+ 41. Kc1 Ne2+ 42. Kd1 Ra1# 0-1

[Event "Let's Play Chess!"]
[Site "http://www.queenalice.com/game.php?id=1320002"]
[Date "2014.11.2"]
[Round "-"]
[White "pcescritor"]
[Black "paolop69"]
[Result "0-1"]
[WhiteElo "1820"]
[BlackElo "1761"]

1. e4 e5 2. Nf3 d6 3. Bc4 h6 4. d3 c6 5. Nc3 Nd7 6. d4 Be7 7. Be3 b5 8. Bb3 Ngf6
9. Nh4 g6 10. Qf3 Bb7 11. O-O-O Qc7 12. g4 Bc8 13. h3 Nf8 14. Qg2 g5 15. Nf5
Bxf5 0-1

[Event "Let's Play Chess!"]
[Site "http://www.queenalice.com/game.php?id=1477901"]
[Date "2017.5.13"]
[Round "-"]
[White "igorjava"]
[Black "pcescritor"]
[Result "1-0"]
[WhiteElo "1970"]
[BlackElo "1832"]

1. e4 Nc6 2. d4 d5 3. e5 Bf5 4. Nf3 Nb4 5. Na3 e6 6. c3 Nc6 7. Nc2 f6 8. Bb5 Ne7
9. Nh4 Qd7 10. exf6 gxf6 11. Nxf5 exf5 12. Bf4 O-O-O 13. b4 Qe6+ 14. Ne3 Ng6 15.
Qf3 Nxf4 16. Qxf4 Bd6 17. Qxf5 Qxf5 18. Nxf5 Rde8+ 19. Ne3 f5 20. O-O f4 21. Nf5
h5 22. Nxd6+ cxd6 23. Rfe1 Re4 24. Bd3 Ree8 25. Kf1 Ref8 26. Re6 Kd7 27. Rae1 h4
28. Rg6 f3 29. Ree6 Ne7 30. Rxd6+ Kc7 31. Rh6 Rhg8 32. g3 Nf5 33. Bxf5 Rxf5 34.
Rdf6 Rgg5 35. Rh7+ Kc8 36. Rxf5 Rxf5 37. Rxh4 Rf7 38. Rh5 Rc7 39. Rxd5 Rxc3 40.
Rc5+ Rxc5 41. bxc5 Kc7 42. Ke1 b5 43. Kd2 a5 44. h4 b4 45. Kd3 a4 46. Kc4 b3 47.
axb3 a3 48. Kc3 Kc6 49. b4 Kd5 50. b5 Ke4 51. b6 a2 52. Kb2 Kd3 53. b7 Ke2 54.
b8=Q Kxf2 55. Qe5 Kg2 56. Kxa2 f2 57. Qe2 Kxg3 58. h5 Kg2 59. h6 Kg1 60. Qg4+
Kf1 61. h7 Ke1 62. Qg3 Ke2 63. Qg2 Ke1 64. h8=Q f1=Q 65. Qxf1+ 1-0

[Event "Let's Play Chess!"]
[Site "http://www.queenalice.com/game.php?id=1477902"]
[Date "2017.5.13"]
[Round "-"]
[White "pcescritor"]
[Black "igorjava"]
[Result "1-0"]
[WhiteElo "1796"]
[BlackElo "1928"]

1. e4 c5 2. Bc4 e6 3. d3 a6 4. Nf3 d5 5. Bb3 b5 6. c3 c4 7. Bc2 Bc5 8. d4 Be7 9.
Ne5 Nf6 10. Qf3 Bb7 11. Nd2 Rg8 12. Qh3 Nbd7 13. Ndf3 dxe4 14. Ng5 Nxe5 15. dxe5
Nd7 16. Qxh7 Rf8 17. Qxg7 Bxg5 18. Bxg5 Qc7 19. f4 exf3 20. O-O-O fxg2 21. Rhe1
Bd5 22. Be4 Bxe4 23. Rxe4 Nc5 24. Bh6 Ke7 25. Red4 Nd3+ 26. Kc2 Qxe5 27. Qxg2
Rfc8 28. Bg7 Qc7 29. Qg5+ Ke8 30. Bf6 Qxh2+ 31. Rd2 Qh7 32. b3 Qg6 33. Qh4 Nf4+
34. Kb2 Nh5 35. Be7 f6 36. Rd7 cxb3 37. axb3 Rc6 38. Bb4 a5 39. Re7+ Kf8 40.
Ra7+ Kg8 41. Rxa8+ Kg7 42. Rd7+ 1-0

[Event "Let's Play Chess!"]
[Site "http://www.queenalice.com/game.php?id=1478009"]
[Date "2017.5.13"]
[Round "-"]
[White "pcescritor"]
[Black "ketchuplover"]
[Result "0-1"]
[WhiteElo "1792"]
[BlackElo "1696"]

1. e4 c6 2. Bc4 d5 3. exd5 cxd5 4. Bb5+ Bd7 5. Qe2 a6 6. Bd3 Nf6 7. Nc3 e6 8.
Nf3 Be7 9. O-O O-O 10. Ng5 h6 11. Nh3 b5 12. a3 Nc6 13. Qe3 d4 14. Qg3 dxc3 15.
dxc3 Kh8 16. Bxh6 gxh6 17. Qh4 Ng8 18. Qe4 f5 19. Qe3 Bg5 20. Qg3 Qb8 21. f4 Bf6
22. Rfd1 Qb6+ 23. Kf1 Rf7 24. Ng5 hxg5 25. fxg5 Be5 26. Qf3 Rh7 27. g4 Rxh2 28.
gxf5 Rf8 29. a4 Nce7 30. Ke1 Qg1+ 31. Bf1 Bg3+ 0-1

[Event "Let's Play Chess!"]
[Site "http://www.queenalice.com/game.php?id=1479144"]
[Date "2017.5.21"]
[Round "-"]
[White "pcescritor"]
[Black "irdmoreno"]
[Result "0-1"]
[WhiteElo "1819"]
[BlackElo "1551"]

1. e4 e5 2. Nf3 Nc6 3. Bc4 Nf6 4. Ng5 d5 5. exd5 Nxd5 6. d3 Be7 7. Nxf7 Kxf7 8.
Qf3+ Ke8 9. Bxd5 Rf8 10. Qh5+ g6 0-1

[Event "Let's Play Chess!"]
[Site "http://www.queenalice.com/game.php?id=1479192"]
[Date "2017.5.21"]
[Round "-"]
[White "Andrei_78"]
[Black "pcescritor"]
[Result "0-1"]
[WhiteElo "1719"]
[BlackElo "1791"]

1. e4 Nc6 2. a3 e6 3. d3 Bc5 4. Nf3 Qf6 5. Be2 Nh6 6. h3 d6 7. O-O d5 8. exd5
exd5 9. Bg5 Qg6 10. Bxh6 gxh6 11. Nh4 Qg7 12. c3 Bxh3 13. Bf3 O-O-O 14. Nd2 Be7
15. Qe2 Bxh4 16. Kh2 Bf5 17. Rg1 Rhe8 18. g3 Rxe2 19. Bxe2 Qe5 20. Nf3 Bxg3+ 21.
fxg3 Qxe2+ 22. Kh1 Qxf3+ 23. Rg2 Bh3 24. Rg1 Re8 25. Kh2 Bxg2 26. Rxg2 Qh5+ 27.
Kg1 Re1+ 28. Kf2 Qe2# 0-1

[Event "Let's Play 65"]
[Site "http://www.queenalice.com/game.php?id=1481288"]
[Date "2017.6.6"]
[Round "-"]
[White "pcescritor"]
[Black "digger"]
[Result "1-0"]
[WhiteElo "1777"]
[BlackElo "1643"]

1. e4 e5 2. Nf3 d6 3. Bc4 Be6 4. Qe2 Qd7 5. Ng5 Bxc4 6. Qxc4 h6 7. Nf3 Nc6 8. c3
O-O-O 9. O-O Nf6 10. b4 a6 11. a4 Nb8 12. d4 b5 13. axb5 axb5 14. Qa2 Qc6 15.
Qxf7 Nxe4 16. dxe5 dxe5 17. Qf5+ Nd7 18. Nxe5 Qb7 19. Nf7 Nd6 20. Nxd8 Kxd8 21.
Qh5 Nf6 22. Qe2 Be7 23. Be3 Nd5 24. Ra7 Qb8 25. Bd4 Re8 26. Qa2 Kd7 27. Bxg7 h5
28. Bd4 Nb6 29. Re1 Ndc8 30. Qe6+ Kd8 31. Ra5 Nc4 32. Qd5+ N8d6 33. Ra8 Qc8 34.
Rxc8+ Kxc8 35. Qxh5 Kd7 36. f4 Nb2 37. f5 Nd3 38. Re3 Nb2 39. Na3 Rf8 40. Rf3
Ne4 41. Nxb5 c6 42. f6 Bd8 43. Qf5+ Ke8 44. f7+ Ke7 45. Qxe4+ Kd7 46. Qf5+ Ke7
47. Bc5# 1-0

[Event "Let's Play Chess!"]
[Site "http://www.queenalice.com/game.php?id=1482720"]
[Date "2017.6.17"]
[Round "-"]
[White "chessplayer123"]
[Black "pcescritor"]
[Result "0-1"]
[WhiteElo "1842"]
[BlackElo "1772"]

1. d4 e6 2. e4 d5 3. exd5 Qxd5 4. c3 Nf6 5. Be3 Nbd7 6. Nd2 e5 7. Ngf3 exd4 8.
Nxd4 Ne5 9. N2f3 Bg4 10. Qa4+ Bd7 11. Qc2 O-O-O 12. Be2 h5 13. b3 h4 14. Nxe5
Qxe5 15. O-O-O Ba3+ 16. Kb1 Nd5 17. Nf3 Qd6 18. c4 Nb4 19. Rxd6 Nxc2 20. Rdd1
Nb4 21. h3 Bf5+ 22. Ka1 Nc2+ 23. Kb1 Nxe3+ 0-1

[Event "OS INCLIVEIS"]
[Site "http://www.queenalice.com/game.php?id=1482820"]
[Date "2017.6.19"]
[Round "-"]
[White "adelio"]
[Black "pcescritor"]
[Result "0-1"]
[WhiteElo "1467"]
[BlackElo "1804"]

1. d4 e6 2. c4 Nf6 3. Nc3 Bb4 4. Bd2 Nc6 5. e3 d5 6. Be2 e5 7. Nxd5 O-O 8. dxe5
Bxd2+ 9. Qxd2 Ne4 10. Qc2 Bf5 11. Bd3 Qh4 12. Nf4 Nb4 13. Qe2 Bg4 14. Nf3 Nxd3+
15. Nxd3 Qe7 16. h3 Be6 17. Nd4 Bxc4 18. Qg4 Bxd3 19. Rd1 Qb4+ 20. Rd2 Qxd2# 0-1

[Event "OS INCLIVES"]
[Site "http://www.queenalice.com/game.php?id=1482821"]
[Date "2017.6.19"]
[Round "-"]
[White "pcescritor"]
[Black "adelio"]
[Result "1-0"]
[WhiteElo "1788"]
[BlackElo "1583"]

1. e4 a6 2. e5 c5 3. Bc4 e6 4. d4 Be7 5. Nf3 b5 6. Bd3 Bb7 7. O-O Nc6 8. c3 d6
9. c4 Nxd4 10. Be2 Nxf3+ 11. Bxf3 Bxf3 12. Qxf3 dxe5 13. Qc6+ Kf8 14. Na3 Rc8
15. Qxa6 bxc4 16. Nxc4 Ra8 17. Qc6 Rc8 18. Qe4 f6 19. a4 h5 20. a5 h4 21. h3 Rh5
22. Qg4 Rg5 23. Bxg5 fxg5 24. Qxe6 Bf6 25. Rfd1 Qe7 26. Qxc8+ Qe8 27. Qxc5+ Ne7
28. a6 Kg8 29. a7 Kh7 30. a8=Q Qg6 31. Rd8 Kh6 32. Rh8+ Qh7 33. Rxh7+ Kxh7 34.
Qe4+ Ng6 35. b4 Kh6 36. b5 Nf4 37. b6 Nxh3+ 38. gxh3 Kh5 39. b7 g6 40. b8=Q Bg7
41. Qf3+ Kh6 42. Nxe5 Kh7 43. Qcd6 Bxe5 44. Qxe5 g4 45. Qeh8# 1-0

[Event "OS INCLIVES"]
[Site "http://www.queenalice.com/game.php?id=1482886"]
[Date "2017.6.19"]
[Round "-"]
[White "adelio"]
[Black "pcescritor"]
[Result "1-0"]
[WhiteElo "1464"]
[BlackElo "1807"]

1. b4 e6 2. b5 b6 3. c4 Bb7 4. d4 Bb4+ 5. Bd2 Qe7 6. Nc3 Nf6 7. f3 Nc6 8. a3
Bxa3 9. bxc6 Bxc6 10. c5 Bb4 11. e4 d6 12. Bd3 dxc5 13. d5 exd5 14. Nge2 c4 15.
Bc2 Bc5 16. Na4 dxe4 17. Nxc5 Qxc5 18. Rf1 exf3 19. gxf3 Qd6 20. Rf2 O-O-O 21.
Kf1 h5 22. Rxa7 Qe6 23. Qa1 Kb8 24. Bf4 Nd5 25. Bxc7+ Nxc7 26. Nd4 Qh3+ 27. Kg1
Nd5 28. Nxc6+ Kc8 29. Qa6# 1-0

[Event "zebra - 25 "]
[Site "http://www.queenalice.com/game.php?id=1487965"]
[Date "2017.7.29"]
[Round "-"]
[White "pcescritor"]
[Black "zubarev"]
[Result "1-0"]
[WhiteElo "1817"]
[BlackElo "1846"]

1. e4 e5 2. Nf3 Nc6 3. Bc4 Be7 4. d4 exd4 5. Nxd4 Nxd4 6. Qxd4 d6 7. Qd5 Be6 8.
Qxb7 Bxc4 9. Qc6+ Kf8 10. Qxc4 Nf6 11. b3 d5 12. exd5 Qxd5 13. O-O Qxc4 14. bxc4
g6 15. Bb2 Kg7 16. Nd2 Rhd8 17. Ne4 Rab8 18. Be5 Rb7 19. c5 Rd5 20. Bc3 Rf5 21.
Bd4 Bxc5 22. Nxc5 Rxc5 23. Bxc5 1-0

[Event "Let's Play Chess!"]
[Site "http://www.queenalice.com/game.php?id=1488285"]
[Date "2017.8.1"]
[Round "-"]
[White "knight576"]
[Black "pcescritor"]
[Result "1-0"]
[WhiteElo "2197"]
[BlackElo "1834"]

1. e4 Nc6 2. d4 d6 3. d5 Ne5 4. f4 Ng6 5. Nc3 e5 6. dxe6 fxe6 7. h4 Nxh4 8. Nf3
Ng6 9. Be3 b6 10. Bc4 Qf6 11. Nb5 Qe7 12. Qd3 Bd7 13. Nxc7+ Kf7 14. Nxa8 Qf6 15.
O-O-O Nh6 16. Ng5+ Ke7 17. Qxd6+ Ke8 18. Qxd7# 1-0

[Event "Avianca AirLines"]
[Site "http://www.queenalice.com/game.php?id=1489857"]
[Date "2017.8.12"]
[Round "-"]
[White "zubarev"]
[Black "pcescritor"]
[Result "1-0"]
[WhiteElo "1887"]
[BlackElo "1822"]

1. d4 e6 2. e4 Nc6 3. Nf3 d6 4. Be2 Qf6 5. O-O e5 6. d5 Nce7 7. Nc3 Qg6 8. Nh4
Qf6 9. Nf3 Ng6 10. Bg5 h5 11. Bxf6 Nxf6 12. Qd2 h4 13. h3 Nf4 14. Nb5 Kd8 15. c4
g6 16. Bd1 Bh6 17. Qc2 g5 18. c5 g4 19. cxd6 c6 20. dxc6 b6 21. Nxe5 Rf8 22. c7+
Ke8 23. Qc6+ Nd7 24. Qxa8 1-0

[Event "Let's Play Chess!"]
[Site "http://www.queenalice.com/game.php?id=1493551"]
[Date "2017.9.9"]
[Round "-"]
[White "pcescritor"]
[Black "korchnoi"]
[Result "0-1"]
[WhiteElo "1815"]
[BlackElo "1611"]

1. e4 c5 2. e5 e6 3. d3 Nc6 4. Nf3 d6 5. d4 dxe5 6. dxe5 Qxd1+ 7. Kxd1 Bd7 8.
Bd3 O-O-O 9. Re1 Kb8 10. Ng5 Nh6 11. Nxh7 Nf5 12. Ng5 Rxh2 13. Nxf7 Re8 14. Bf4
Rxg2 15. Bxf5 Rxf2 16. Bg3 Rxf5 17. Nc3 Ka8 18. Nb5 Rc8 19. Nfd6 Bxd6 20. Nxd6
Rf3 21. Nxc8 Rxg3 22. Kc1 Bxc8 23. b3 a6 24. Kb2 Bd7 25. Rad1 Be8 26. Rd6 Rg6
27. Kc3 Ka7 28. Kc4 Rg2 29. Rxe6 Rxc2+ 30. Kd5 Bf7 31. a3 Rd2+ 32. Kxc5 Bxe6 33.
Rg1 Rd5+ 34. Kc4 Rd1+ 0-1

[Event "Let's Play Chess!"]
[Site "http://www.queenalice.com/game.php?id=1494996"]
[Date "2017.9.17"]
[Round "-"]
[White "pcescritor"]
[Black "Delbo"]
[Result "0-1"]
[WhiteElo "1791"]
[BlackElo "2021"]

1. e4 d6 2. Be2 Nf6 3. Nc3 g6 4. Nf3 Bg7 5. e5 dxe5 6. Nxe5 O-O 7. d3 Nbd7 8.
Bf4 Nxe5 9. Bxe5 c6 10. Qd2 Nd5 11. Bxg7 Kxg7 12. Nxd5 Qxd5 13. Bf3 Qe5+ 14. Be4
Qxb2 15. O-O Qf6 16. a3 Be6 17. c4 Rfd8 18. Rab1 Rab8 19. Rfe1 Bxc4 20. Re3 Bd5
21. Rh3 h5 22. Bxd5 Rxd5 23. Rf3 Qd6 24. a4 b6 25. Qa2 Rd8 26. g3 f6 27. Rc1 c5
28. a5 Rxd3 29. Rf4 Rd1+ 30. Rxd1 Qxd1+ 31. Kg2 Qd5+ 32. Qxd5 Rxd5 33. axb6 axb6
34. Re4 e5 35. Kf3 Rd4 36. Re3 b5 37. Rc3 c4 38. Rc1 b4 39. h3 b3 40. Rb1 f5 41.
Ke3 Rd3+ 42. Ke2 e4 43. Rb2 Kf6 44. Rb1 Ke5 0-1

[Event "Let's Play Chess!"]
[Site "http://www.queenalice.com/game.php?id=1495039"]
[Date "2017.9.17"]
[Round "-"]
[White "pcescritor"]
[Black "jagiellonczyk"]
[Result "1-0"]
[WhiteElo "1811"]
[BlackElo "1500"]

1. e4 e5 2. Nf3 Nc6 3. Bc4 Nf6 4. b3 Bc5 5. O-O O-O 6. Bb2 Re8 7. Ng5 d5 8. exd5
Nxd5 9. Qh5 g6 10. Qxh7+ Kf8 11. Qxf7# 1-0

[Event "Olar"]
[Site "http://www.queenalice.com/game.php?id=1496046"]
[Date "2017.9.22"]
[Round "-"]
[White "pcescritor"]
[Black "jdalcheco"]
[Result "0-1"]
[WhiteElo "1784"]
[BlackElo "1889"]

1. e4 c5 2. Bc4 e6 3. d4 cxd4 4. Qxd4 Nc6 5. Qd3 Ne5 6. Qc3 Nxc4 7. Qxc4 Ne7 8.
Nc3 Ng6 9. Nb5 d5 10. exd5 exd5 11. Qe2+ Be7 12. Nf3 a6 13. Nc3 d4 14. Ne4 O-O
15. Bg5 f6 16. Qc4+ Kh8 17. Bh4 Nxh4 18. O-O-O Nxf3 19. gxf3 f5 20. Rxd4 Qb6 21.
Ng3 Be6 22. Qd3 Bxa2 23. Nxf5 Bf6 24. Rd7 Bxb2+ 25. Kd1 Rad8 26. Ke1 Qe6+ 0-1